[Event "Bad Woerishofen open"]
[Site "?"]
[Date "2004.??.??"]
[Round "1"]
[White "Korchnoi, Victor"]
[Black "Schlierf, Andre"]
[Result "1-0"]
[WhiteElo "2569"]
[BlackElo "2114"]
[PlyCount "47"]

1. d4 f5 2. Bg5 Nf6 3. Bxf6 exf6 4. e3 d5 5. Bd3 Nc6 6. a3 Be6 7. Qf3 g6 8. Ne2
Qd7 9. Nd2 Bg7 10. Nf4 Ne7 11. c4 c6 12. h3 dxc4 13. Nxe6 Qxe6 14. Bxc4 Qd7 15.
Rc1 Rd8 16. g4 fxg4 17. hxg4 Nd5 18. Kf1 Qe7 19. Bb3 Rd7 20. Ne4 Kd8 21. Nc5
Rd6 22. e4 b6 23. exd5 bxc5 24. dxc5 1-0

[Event "Bad Woerishofen sen"]
[Site "?"]
[Date "2004.03.18"]
[Round "1"]
[White "Greifzu, Helmut"]
[Black "Igney, Volkhard"]
[Result "0-1"]
[WhiteElo "2050"]
[BlackElo "2230"]
[PlyCount "100"]

1. Nf3 d5 2. b3 Nf6 3. Bb2 e6 4. e3 Be7 5. d4 O-O 6. Bd3 Nbd7 7. O-O b6 8. Nbd2
Bb7 9. Ne5 Nxe5 10. dxe5 Nd7 11. f4 f5 12. Nf3 c5 13. Qe2 Qc7 14. c4 Rad8 15.
Rad1 Nb8 16. cxd5 Bxd5 17. Bc4 Bxc4 18. Qxc4 Qc6 19. a4 a6 20. Qc3 b5 21. axb5
axb5 22. h3 Na6 23. Rc1 Qe4 24. Qa5 Qxe3+ 25. Kh1 Nb4 26. Qxb5 Qxb3 27. Qb7
Rfe8 28. Rb1 Qd5 29. Qb6 Rb8 30. Qa7 Nd3 31. Bc3 Rxb1 32. Rxb1 Nb4 33. Qa4 Rd8
34. Qa7 Kf8 35. Qb6 Nd3 36. Bd2 Nf2+ 37. Kh2 Ne4 38. Be3 Qd3 39. Re1 Qd5 40.
Rc1 h6 41. Re1 Kf7 42. Qb2 Qd3 43. g4 g6 44. Kg2 Nc3 45. Bf2 Nd5 46. Qc1 Ra8
47. Kg3 Ra3 48. Qd1 Qc3 49. Qe2 Qb4 50. gxf5 gxf5 0-1

[Event "Bad Woerishofen open"]
[Site "?"]
[Date "2004.03.18"]
[Round "1"]
[White "Gutman, Lev"]
[Black "Engl, Heinz"]
[Result "1-0"]
[WhiteElo "2497"]
[BlackElo "2095"]
[PlyCount "129"]

1. Nf3 d5 2. g3 Nf6 3. Bg2 e6 4. O-O Be7 5. d4 O-O 6. c4 c5 7. dxc5 Bxc5 8. Qc2
Be7 9. Rd1 Nc6 10. Nc3 Qa5 11. cxd5 exd5 12. Qb3 Rd8 13. Be3 Qb4 14. Nd4 Bg4
15. h3 Be6 16. Ncb5 Nxd4 17. Bxd4 Qxb3 18. axb3 a6 19. Nc3 Rac8 20. Rd3 h5 21.
Rad1 Ne8 22. Be3 d4 23. Rxd4 Rxd4 24. Rxd4 Bc5 25. Rd3 Bf5 26. Rd5 Bxe3 27.
Rxf5 g6 28. Re5 Bc1 29. Bxb7 Rb8 30. Na4 Nd6 31. Bxa6 Rxb3 32. Rd5 Ne4 33. Rb5
Rxb5 34. Bxb5 Kf8 35. Bd3 Nd6 36. b4 h4 37. g4 Ke7 38. e3 Kd7 39. b5 Ba3 40.
Kg2 Nb7 41. Nb6+ Kc7 42. Nc4 Be7 43. Ne5 Nd6 44. f4 g5 45. Nf3 f6 46. Nd4 Kb6
47. Kf3 Kc5 48. Nc6 Bf8 49. Nb8 Be7 50. Nd7+ Kd5 51. Ke2 Bd8 52. Kd2 Nb7 53.
Bf1 Kd6 54. Nb8 Nc5 55. Bg2 Bb6 56. Nc6 Ne6 57. fxg5 fxg5 58. Bf1 Bc5 59. Kd3
Bb6 60. Ke4 Ng7 61. Nd4 Ne6 62. Nf3 Bd8 63. Kf5 Kd5 64. Bc4+ Kxc4 65. Kxe6 1-0

[Event "Bad Woerishofen open"]
[Site "?"]
[Date "2004.03.??"]
[Round "1"]
[White "Wallhof, Dieter"]
[Black "Ruck, Robert"]
[Result "0-1"]
[WhiteElo "2112"]
[BlackElo "2556"]
[PlyCount "106"]

1. d4 Nf6 2. Nf3 g6 3. g3 Bg7 4. Bg2 c5 5. O-O cxd4 6. Nxd4 d5 7. c3 O-O 8. Bg5
h6 9. Bxf6 Bxf6 10. Qb3 e6 11. Na3 Nd7 12. Rad1 Nc5 13. Qc2 Qe7 14. Nb3 Na4 15.
Nb1 Bd7 16. e4 dxe4 17. Bxe4 Rab8 18. Rd2 Rfc8 19. Rfd1 Be8 20. Qd3 a6 21. Qf3
Bg7 22. h4 f5 23. Bd3 e5 24. Qe2 h5 25. Bc4+ Kh7 26. Nc1 Bh6 27. Rc2 Nb6 28.
Bb3 e4 29. c4 f4 30. Nc3 fxg3 31. fxg3 e3 32. Nd5 Nxd5 33. cxd5 Qd6 34. Kh2 Bd7
35. Nd3 Rf8 36. Bc4 Ba4 37. Bb3 Bb5 38. Bc4 Bd7 39. Rf1 Bg4 40. Qg2 Rxf1 41.
Qxf1 Rf8 42. Qe1 Rf6 43. a4 Bf3 44. Qc3 Be4 45. Qd4 Qe7 46. Re2 Rf1 47. Rg2
Bxg2 48. Kxg2 Rf6 49. Ne5 Rf2+ 50. Kg1 Bg7 51. Qxe3 Rf5 52. Ng4 Qxe3+ 53. Nxe3
Bd4 0-1

[Event "Bad Woerishofen open"]
[Site "?"]
[Date "2004.03.19"]
[Round "1"]
[White "Straub, Peter"]
[Black "Eingorn, Viacheslav"]
[Result "0-1"]
[WhiteElo "2117"]
[BlackElo "2600"]
[PlyCount "54"]

1. e4 c5 2. Nf3 e6 3. c4 Nc6 4. Nc3 Nd4 5. d3 Ne7 6. Be3 Nec6 7. Be2 Be7 8. a3
O-O 9. O-O b6 10. Nd2 Bb7 11. f4 f5 12. Bf3 d6 13. Rb1 Qd7 14. g3 Nxf3+ 15.
Nxf3 Bf6 16. Ne2 Rae8 17. Qd2 e5 18. fxe5 Nxe5 19. Nxe5 Bxe5 20. Nc3 fxe4 21.
Nd5 Bxd5 22. cxd5 exd3 23. Qxd3 Qg4 24. Rxf8+ Kxf8 25. Bf2 h5 26. Kg2 c4 27.
Qe3 h4 0-1

[Event "Bad Woerishofen open"]
[Site "?"]
[Date "2004.03.19"]
[Round "1"]
[White "Eichler, Gottfried"]
[Black "Kengis, Edvins"]
[Result "0-1"]
[WhiteElo "2115"]
[BlackElo "2578"]
[PlyCount "72"]

1. Nf3 c5 2. g3 b6 3. c4 Bb7 4. Bg2 g6 5. O-O Bg7 6. d4 cxd4 7. Nxd4 Bxg2 8.
Kxg2 Qc8 9. Na3 Qb7+ 10. f3 Nf6 11. Nac2 d6 12. Be3 Nbd7 13. Rc1 Rc8 14. b3 a6
15. Nb4 O-O 16. Kg1 Rfe8 17. Qd2 e5 18. Ndc2 a5 19. Nd5 Nxd5 20. cxd5 e4 21.
Na3 exf3 22. Rxc8 Rxc8 23. exf3 Bc3 24. Qd3 Bb4 25. Nb5 Ne5 26. Qd1 Qd7 27. a4
Bc5 28. Bd4 h5 29. f4 Ng4 30. f5 Re8 31. fxg6 fxg6 32. Qd3 Kh7 33. Bxc5 bxc5
34. Qd2 Re3 35. Qxa5 Nxh2 36. Kxh2 Re2+ 0-1

[Event "Bad Woerishofen open"]
[Site "?"]
[Date "2004.03.19"]
[Round "1"]
[White "Savchenko, Stanislav"]
[Black "Friedrich, Wolfgang"]
[Result "1-0"]
[WhiteElo "2543"]
[BlackElo "2108"]
[PlyCount "55"]

1. d4 e6 2. c4 f5 3. Nf3 Nf6 4. Nc3 d5 5. Bf4 c6 6. e3 Bd6 7. Bd3 O-O 8. O-O
Bxf4 9. exf4 Ne4 10. Ne5 Nxc3 11. bxc3 Qh4 12. g3 Qh6 13. Rb1 g5 14. fxg5 Qxg5
15. f4 Qg7 16. Qe2 Nd7 17. Nxd7 Qxd7 18. Rfe1 Qc7 19. cxd5 cxd5 20. c4 Bd7 21.
cxd5 exd5 22. Qe5 Qa5 23. Bb5 Rae8 24. Qxd5+ Kh8 25. Rxe8 Rxe8 26. Qxd7 Re1+
27. Rxe1 Qxe1+ 28. Kg2 1-0

[Event "Bad Woerishofen open"]
[Site "?"]
[Date "2004.03.19"]
[Round "1"]
[White "von Saldern, Ruediger"]
[Black "Teske, Henrik"]
[Result "0-1"]
[WhiteElo "2107"]
[BlackElo "2526"]
[PlyCount "72"]

1. d4 Nf6 2. Nf3 e6 3. c4 b6 4. Nc3 Bb4 5. e3 O-O 6. Bd3 Bb7 7. O-O Bxc3 8.
bxc3 Ne4 9. Nd2 f5 10. Qc2 Qh4 11. f3 Ng5 12. e4 fxe4 13. Nxe4 Nxe4 14. Bxe4
Bxe4 15. Qxe4 Qxe4 16. fxe4 Nc6 17. Bf4 d6 18. c5 e5 19. Be3 dxc5 20. dxc5 Rad8
21. cxb6 axb6 22. Rfd1 Kf7 23. Rd5 Ke6 24. Rad1 h6 25. R1d2 Ke7 26. h3 Rxd5 27.
Rxd5 Ra8 28. Rd2 Ra4 29. Kf2 Rxe4 30. Ke2 Ra4 31. Kd3 Ke6 32. Rb2 Ne7 33. g4
Nd5 34. Bd2 g5 35. c4 Nf4+ 36. Bxf4 gxf4 0-1

[Event "Bad Woerishofen open"]
[Site "?"]
[Date "2004.03.19"]
[Round "1"]
[White "Koller, Hubert"]
[Black "Galdunts, Sergey"]
[Result "0-1"]
[WhiteElo "2103"]
[BlackElo "2506"]
[PlyCount "108"]

1. c3 f5 2. Nf3 Nf6 3. g3 d6 4. d4 e6 5. Bg2 Be7 6. Qa4+ c6 7. O-O O-O 8. Qb3
Qe8 9. Bf4 Kh8 10. Nbd2 h6 11. Nc4 Ne4 12. Rad1 g5 13. Bc1 Nd7 14. Ne1 Nef6 15.
Nd3 Nd5 16. Ne3 N7f6 17. Nxd5 exd5 18. f3 Qg6 19. Nf2 b6 20. Qa4 Bd7 21. Qc2
Rae8 22. e4 dxe4 23. fxe4 fxe4 24. Bxe4 Nxe4 25. Qxe4 Qxe4 26. Nxe4 Rxf1+ 27.
Rxf1 Kg7 28. Re1 c5 29. dxc5 dxc5 30. Bd2 Kg6 31. c4 Bc6 32. Bc3 Bf8 33. Nf2
Rxe1+ 34. Bxe1 Bg7 35. b3 Kf5 36. Kf1 Bf3 37. g4+ Bxg4 38. Nxg4 Kxg4 39. Bg3
Bf6 40. Kg2 Bd8 41. h3+ Kf5 42. Kf3 h5 43. Bb8 a6 44. a4 a5 45. Bg3 g4+ 46.
hxg4+ hxg4+ 47. Ke2 Ke4 48. Bd6 Kd4 49. Kd2 Bg5+ 50. Ke2 Kc3 51. Bc7 Kxb3 52.
Kd3 Kxa4 53. Bxb6 Kb4 54. Bc7 Bf6 0-1

[Event "Bad Woerishofen open"]
[Site "?"]
[Date "2004.03.19"]
[Round "1"]
[White "Palo, Davor"]
[Black "Grosser, Walter"]
[Result "1-0"]
[WhiteElo "2505"]
[BlackElo "2101"]
[PlyCount "91"]

1. d4 Nf6 2. c4 d6 3. Nf3 g6 4. Nc3 Bg7 5. e4 O-O 6. Be2 e5 7. O-O Nc6 8. d5
Ne7 9. b4 Nh5 10. Re1 Nf4 11. Bf1 Bg4 12. h3 Bxf3 13. Qxf3 f5 14. Qd1 fxe4 15.
Nxe4 h6 16. a4 a5 17. bxa5 Rxa5 18. Ra3 b6 19. Bd2 Ra8 20. a5 bxa5 21. Rxa5 Qd7
22. Qg4 Qf5 23. Rxa8 Rxa8 24. g3 Nh5 25. Qd1 Qf7 26. Bg2 Nf6 27. Nc3 Rf8 28.
Rf1 Nf5 29. Nb5 Nd4 30. f4 Qd7 31. fxe5 dxe5 32. Nxd4 exd4 33. Bb4 Re8 34. Qxd4
Ne4 35. Qd3 Nd6 36. Qxg6 Rf8 37. Rxf8+ Kxf8 38. c5 Qf5 39. Qxf5+ Nxf5 40. Be4
Nxg3 41. Bg6 Bd4+ 42. Kg2 Ne2 43. Kf3 Nc3 44. c6+ Kg7 45. d6 Nb5 46. Bd3 1-0

[Event "Bad Woerishofen open"]
[Site "?"]
[Date "2004.03.18"]
[Round "1"]
[White "Glas, Stefan"]
[Black "Levin, Felix"]
[Result "0-1"]
[WhiteElo "2088"]
[BlackElo "2486"]
[PlyCount "54"]

1. e4 c5 2. Nf3 e6 3. d4 cxd4 4. Nxd4 a6 5. Bd3 Bc5 6. Nb3 Be7 7. Nc3 d6 8. a4
b6 9. O-O Nf6 10. f4 Nbd7 11. Qe2 Qc7 12. Bd2 Bb7 13. Rae1 e5 14. Kh1 O-O 15.
Rf3 Rfe8 16. Rh3 Bf8 17. Rf1 d5 18. fxe5 Rxe5 19. Bf4 dxe4 20. Bxe5 Qxe5 21.
Bc4 Nc5 22. Nxc5 Bxc5 23. Rxf6 gxf6 24. Rg3+ Kh8 25. Qg4 f5 26. Qg5 Qd4 27. Ne2
Qd1+ 0-1

[Event "Bad Woerishofen open"]
[Site "?"]
[Date "2004.03.18"]
[Round "1"]
[White "Burmakin, Vladimir"]
[Black "Guggenberger, Guido"]
[Result "1-0"]
[WhiteElo "2596"]
[BlackElo "2116"]
[PlyCount "35"]

1. Nf3 Nf6 2. g3 g6 3. Bg2 Bg7 4. O-O O-O 5. c4 d6 6. d4 Nbd7 7. Nc3 c6 8. Qc2
e5 9. Rd1 Qb6 10. h3 exd4 11. Nxd4 Ne5 12. b3 Rd8 13. e4 a6 14. Be3 c5 15. Nde2
Qa5 16. Bd2 Qc7 17. Bg5 Bxh3 18. Bxf6 1-0

[Event "Bad Woerishofen open"]
[Site "?"]
[Date "2004.03.18"]
[Round "1"]
[White "Berczes, David"]
[Black "Kleinhenz, Hans-Georg"]
[Result "1-0"]
[WhiteElo "2305"]
[BlackElo "2025"]
[PlyCount "61"]

1. d4 e6 2. c4 f5 3. g3 Nf6 4. Bg2 d5 5. Qc2 c6 6. Nh3 Bd6 7. Bf4 Be7 8. O-O
O-O 9. Bc1 Bd6 10. Bf4 Be7 11. Bxb8 Rxb8 12. Nf4 Qe8 13. Nd3 Qh5 14. Nd2 g5 15.
Nf3 Ne4 16. Nfe5 Nd6 17. c5 Nf7 18. e3 Nxe5 19. Nxe5 f4 20. Bf3 Qh6 21. Bg4 Bf6
22. exf4 gxf4 23. Rae1 Qg7 24. Qd1 Bxe5 25. Rxe5 Rf6 26. Rfe1 Qh6 27. Qe2 Kf7
28. Rh5 Qg6 29. Qe5 Ra8 30. Rg5 Qh6 31. Bh5+ 1-0

[Event "Bad Woerishofen open"]
[Site "?"]
[Date "2004.03.18"]
[Round "1"]
[White "Skembris, Spyridon"]
[Black "Ries, Berthold"]
[Result "1-0"]
[WhiteElo "2442"]
[BlackElo "2081"]
[PlyCount "37"]

1. d4 Nf6 2. Bg5 e6 3. e4 h6 4. Bxf6 Qxf6 5. Nc3 d6 6. Nf3 g6 7. Bd3 Bg7 8. e5
Qe7 9. O-O O-O 10. Re1 b6 11. d5 Bb7 12. dxe6 fxe6 13. exd6 cxd6 14. Bc4 Bxf3
15. Rxe6 Qc7 16. Qd3 d5 17. Nxd5 Bxd5 18. Bxd5 Nd7 19. Rc6+ 1-0

[Event "Bad Woerishofen open"]
[Site "?"]
[Date "2004.03.19"]
[Round "2"]
[White "Eingorn, Viacheslav"]
[Black "Heedt, Thorsten"]
[Result "1-0"]
[WhiteElo "2600"]
[BlackElo "2240"]
[PlyCount "71"]
[EventDate "2004.??.??"]

1. d4 d5 2. c4 e6 3. Nc3 Nf6 4. Bg5 Be7 5. e3 Nbd7 6. Rc1 a6 7. Nf3 dxc4 8. a4
c5 9. Bxc4 Nb6 10. Bb3 cxd4 11. Qxd4 Qxd4 12. Nxd4 Bb4 13. O-O e5 14. Nf3 Bxc3
15. Rxc3 Nfd5 16. Rc5 Be6 17. a5 Nd7 18. Rxd5 Bxd5 19. Bxd5 f6 20. Bh4 O-O-O
21. e4 Kb8 22. Nd2 Nc5 23. f3 Ne6 24. Nc4 Nf4 25. Nb6 h5 26. Bf2 h4 27. Be3 g5
28. Rd1 Rh7 29. b4 Rc7 30. Bc5 Ne6 31. Na4 Nxc5 32. bxc5 f5 33. exf5 Rf7 34.
Nc3 Rxf5 35. Rb1 b5 36. axb6 1-0

[Event "Bad Woerishofen open"]
[Site "?"]
[Date "2004.03.19"]
[Round "2"]
[White "Donchenko, Anatoli"]
[Black "Bischoff, Dieter"]
[Result "1/2-1/2"]
[WhiteElo "2409"]
[BlackElo "2182"]
[PlyCount "27"]

1. d4 Nf6 2. c4 g6 3. Nc3 Bg7 4. e4 d6 5. f3 O-O 6. Be3 Nc6 7. Nge2 a6 8. Nc1
e5 9. d5 Na5 10. Nb3 Nxb3 11. axb3 Nh5 12. Qd2 f5 13. O-O-O Bd7 14. Kb1 1/2-1/2

[Event "Bad Woerishofen sen"]
[Site "?"]
[Date "2004.03.19"]
[Round "2"]
[White "Igney, Volkhard"]
[Black "Tochtermann"]
[Result "1-0"]
[WhiteElo "2230"]
[BlackElo "2045"]
[PlyCount "39"]

1. d4 Nf6 2. c4 e6 3. Nc3 Bb4 4. Qc2 b6 5. e4 Bxc3+ 6. bxc3 Bb7 7. Bd3 d6 8. f4
h6 9. Nf3 d5 10. cxd5 exd5 11. e5 Ne4 12. O-O c5 13. Nd2 Nxd2 14. Qxd2 O-O 15.
Ba3 Nd7 16. f5 Qg5 17. Qf2 Qd8 18. f6 g6 19. Qh4 Kh7 20. Bc1 1-0

[Event "Bad Woerishofen sen"]
[Site "?"]
[Date "2004.03.19"]
[Round "2"]
[White "Riedel, Lutz"]
[Black "Pitro, Erwin"]
[Result "1-0"]
[WhiteElo "2134"]
[BlackElo "2002"]
[PlyCount "37"]

1. d4 g6 2. c4 Bg7 3. Nc3 d6 4. e4 c6 5. Be3 Nf6 6. h3 O-O 7. Qd2 e5 8. d5 c5
9. Nge2 Qe7 10. Bg5 a6 11. g4 Re8 12. Ng3 Qf8 13. Be2 Nbd7 14. Be3 Kh8 15. h4
h6 16. h5 gxh5 17. Nxh5 Nxh5 18. Rxh5 Nf6 19. Rh4 1-0

[Event "Bad Woerishofen sen"]
[Site "?"]
[Date "2004.03.19"]
[Round "2"]
[White "Johannsen, Ingbert"]
[Black "Dinser, Hans"]
[Result "1-0"]
[WhiteElo "2111"]
[BlackElo "1993"]
[PlyCount "49"]

1. e4 c5 2. Nf3 Nc6 3. d4 cxd4 4. Nxd4 Nf6 5. Nc3 e5 6. Ndb5 d6 7. Bg5 a6 8.
Bxf6 gxf6 9. Na3 Be6 10. Bc4 Qc7 11. Qh5 Bxc4 12. Nxc4 Nd4 13. Ne3 Be7 14.
O-O-O Rc8 15. Kb1 b5 16. Ncd5 Qb7 17. Nxe7 Qxe7 18. c3 Qb7 19. Nd5 Ne6 20.
Nxf6+ Ke7 21. Qh4 Kf8 22. Rxd6 h6 23. Nd7+ Kg8 24. Qg3+ Ng5 25. Nf6+ 1-0

[Event "Bad Woerishofen sen"]
[Site "?"]
[Date "2004.03.19"]
[Round "2"]
[White "Reimann, Guenther"]
[Black "Neese, Hans-Joachim"]
[Result "1/2-1/2"]
[WhiteElo "2050"]
[BlackElo "2214"]
[PlyCount "72"]

1. c4 e6 2. d3 Nf6 3. Nf3 d5 4. Nbd2 c5 5. g3 Nc6 6. Bg2 Be7 7. a3 O-O 8. O-O
Rb8 9. b3 b5 10. Qc2 Qc7 11. Bb2 a6 12. Rfc1 bxc4 13. bxc4 d4 14. e4 e5 15. Rf1
Bg4 16. h3 Bd7 17. Rae1 Nh5 18. Bc1 Rb6 19. Qd1 g6 20. Nh2 Rfb8 21. Bf3 Bxh3
22. Bxh5 Bxf1 23. Ndxf1 gxh5 24. Qxh5 Qd6 25. Ng4 Qg6 26. Nh6+ Kf8 27. Qf3 Nd8
28. Nf5 Bg5 29. Bxg5 Qxg5 30. Kg2 Rg6 31. Qd1 Ne6 32. Nh2 Ng7 33. Nf3 Qf6 34.
N5h4 Rh6 35. Qd2 Rh5 36. Rh1 Re8 1/2-1/2

[Event "Bad Woerishofen sen"]
[Site "?"]
[Date "2004.03.19"]
[Round "2"]
[White "Zunker, Reinhard"]
[Black "Mentel, Juergen"]
[Result "1-0"]
[WhiteElo "2210"]
[BlackElo "2042"]
[PlyCount "99"]

1. e4 c5 2. Nf3 a6 3. Nc3 b5 4. a4 b4 5. Ne2 Bb7 6. Ng3 d5 7. exd5 Bxd5 8. d4
e6 9. Be3 cxd4 10. Nxd4 Nf6 11. Nh5 Nxh5 12. Qxh5 Qf6 13. Qg5 Qxg5 14. Bxg5 Nc6
15. Nxc6 Bxc6 16. f3 Bc5 17. b3 a5 18. Bd3 O-O 19. Ke2 Bd5 20. Rad1 f6 21. Be3
Bxe3 22. Kxe3 Rac8 23. Rd2 Rc3 24. Ke2 Rfc8 25. Re1 f5 26. Kd1 R3c5 27. f4 Kf7
28. Re5 Kf6 29. Ke1 g6 30. Rde2 R8c7 31. h3 R7c6 32. g4 fxg4 33. hxg4 Bf3 34.
g5+ Kf7 35. R2e3 Bg4 36. Bc4 Bf5 37. Kd2 Rd6+ 38. Kc1 Rdc6 39. Kb2 Bg4 40. c3
bxc3+ 41. Kxc3 Rc7 42. Kd4 R5c6 43. Rxa5 Rd6+ 44. Kc3 Rd1 45. Rae5 Re7 46. a5
Ra1 47. a6 Rc7 48. Kb4 Rc6 49. Ra5 Rb6+ 50. Bb5 1-0

[Event "Bad Woerishofen open"]
[Site "?"]
[Date "2004.03.19"]
[Round "2"]
[White "Vit, Valenta"]
[Black "Gutman, Lev"]
[Result "0-1"]
[WhiteElo "2209"]
[BlackElo "2497"]
[PlyCount "38"]

1. e4 c5 2. Nf3 d6 3. d4 cxd4 4. Nxd4 Nf6 5. Nc3 a6 6. Be3 Qc7 7. Be2 e5 8. Nb3
b5 9. O-O Bb7 10. f3 Nbd7 11. a3 Rc8 12. Rc1 Be7 13. Qd2 O-O 14. Rfd1 Nb6 15.
Na5 Ba8 16. a4 d5 17. Bf2 d4 18. Na2 Nxa4 19. b3 Nc3 0-1

[Event "Bad Woerishofen sen"]
[Site "?"]
[Date "2004.03.19"]
[Round "2"]
[White "Fleckner, Hans"]
[Black "Kasueschke, Gregor"]
[Result "0-1"]
[WhiteElo "2044"]
[BlackElo "2197"]
[PlyCount "40"]

1. e4 c6 2. d4 d5 3. Nd2 dxe4 4. Nxe4 Bf5 5. Ng3 Bg6 6. h4 h6 7. Nf3 Nd7 8. h5
Bh7 9. Bd3 Bxd3 10. Qxd3 e6 11. Bd2 Ngf6 12. O-O-O Qc7 13. Ne4 O-O-O 14. g3
Nxe4 15. Qxe4 Nf6 16. Qe2 Rd5 17. Bf4 Bd6 18. Ne5 c5 19. dxc5 Bxe5 20. Rxd5
Bxf4+ 0-1

[Event "Bad Woerishofen open"]
[Site "?"]
[Date "2004.03.19"]
[Round "2"]
[White "Teske, Henrik"]
[Black "Huhndorf, Arnold"]
[Result "1-0"]
[WhiteElo "2526"]
[BlackElo "2233"]
[PlyCount "67"]

1. e4 c5 2. Nf3 g6 3. c3 d5 4. exd5 Qxd5 5. d4 Bg7 6. Na3 cxd4 7. Bc4 Qd8 8.
Qb3 e6 9. Bg5 Nf6 10. Nxd4 O-O 11. O-O-O Qb6 12. Qxb6 axb6 13. Nab5 Nc6 14. Nc7
Ra5 15. Ndb5 Ne5 16. Bb3 Bd7 17. a4 Bc6 18. f3 Nd5 19. Bxd5 exd5 20. b3 Rc8 21.
Nxd5 Bxd5 22. Rxd5 Nc6 23. Rhd1 Raa8 24. c4 Na5 25. Kc2 f6 26. Be3 Rc6 27. Rd8+
Rxd8 28. Rxd8+ Kf7 29. Rd7+ Kg8 30. Nd6 Bf8 31. Nxb7 Re6 32. Nxa5 Rxe3 33. Nc6
Re2+ 34. Rd2 1-0

[Event "Bad Woerishofen open"]
[Site "?"]
[Date "2004.03.19"]
[Round "2"]
[White "Tscharotschkin, Michael"]
[Black "Kreinys, Edvins"]
[Result "0-1"]
[WhiteElo "2220"]
[BlackElo "2572"]
[PlyCount "58"]

1. e4 c5 2. c3 Nf6 3. e5 Nd5 4. Nf3 e6 5. d4 cxd4 6. cxd4 d6 7. Bc4 Nc6 8. O-O
Be7 9. exd6 Qxd6 10. Nc3 Nxc3 11. bxc3 O-O 12. Re1 b6 13. Ng5 Bxg5 14. Bxg5 Bb7
15. Qg4 Rfe8 16. Re3 Ne7 17. Rae1 Ng6 18. Bd3 Rec8 19. Bxg6 hxg6 20. Bf4 Qd5
21. Be5 Qxa2 22. Rh3 Qd2 23. Rd1 Qc2 24. Rf1 Rxc3 25. f3 Qf5 26. Qh4 f6 27.
Qh7+ Kf7 28. g4 Qg5 29. f4 Qxg4+ 0-1

[Event "Bad Woerishofen open"]
[Site "?"]
[Date "2004.03.19"]
[Round "2"]
[White "Galdunds, Sergey"]
[Black "Stark, Lars"]
[Result "1-0"]
[WhiteElo "2506"]
[BlackElo "229"]
[PlyCount "67"]

1. e4 e6 2. d4 d5 3. e5 c5 4. c3 Nc6 5. Nf3 Bd7 6. Be2 Nge7 7. Na3 cxd4 8. cxd4
Nf5 9. Nc2 Qb6 10. O-O Na5 11. g4 Ne7 12. Nfe1 Bb5 13. Nd3 h5 14. b4 Nac6 15.
a4 Bc4 16. a5 Qd8 17. Nc5 Bxe2 18. Qxe2 Ng6 19. Nxb7 Qh4 20. f3 hxg4 21. fxg4
Bxb4 22. Nxb4 Nxd4 23. Nd6+ Kf8 24. Qg2 Nxe5 25. Bf4 Qf6 26. Rae1 Nef3+ 27.
Rxf3 Nxf3+ 28. Qxf3 g5 29. Nxd5 exd5 30. Qxd5 Qxf4 31. Qxa8+ Kg7 32. Nf5+ Kh7
33. Qe4 Qd2 34. Nd6+ 1-0

[Event "Bad Woerishofen open"]
[Site "?"]
[Date "2004.03.19"]
[Round "2"]
[White "Otterstaetter, Stefan"]
[Black "Rahls, Peter"]
[Result "1-0"]
[WhiteElo "2178"]
[BlackElo "2366"]
[PlyCount "76"]

1. d4 c5 2. d5 e5 3. e4 d6 4. Nc3 a6 5. a4 Be7 6. Be2 Bg5 7. Nf3 Bxc1 8. Qxc1
Ne7 9. Nd2 Nd7 10. Nc4 Nb6 11. Na3 Bd7 12. a5 Nbc8 13. Nc4 O-O 14. Ra3 Bb5 15.
O-O Bxc4 16. Bxc4 Ng6 17. Rb3 b5 18. axb6 Nxb6 19. Be2 Qc7 20. Qa1 c4 21. Ra3
Qb7 22. Rd1 Rfb8 23. Qa2 Nd7 24. Rb1 Nc5 25. Qxc4 a5 26. Nb5 Qe7 27. Rba1 Nb7
28. b4 Rc8 29. Qb3 Qg5 30. c3 Nf4 31. Bf3 h5 32. Kf1 Qf6 33. Qd1 Rc4 34. g3 Nh3
35. Qe2 Rac8 36. Bg2 axb4 37. Ra8 Nxf2 38. Rxc8+ Rxc8 {ZUe} 1-0

[Event "Bad Woerishofen open"]
[Site "?"]
[Date "2004.03.19"]
[Round "2"]
[White "Sailer, Wolfgang"]
[Black "Skembris, Spyridon"]
[Result "0-1"]
[WhiteElo "2191"]
[BlackElo "2442"]
[PlyCount "59"]

1. d4 c5 2. d5 e5 3. c4 d6 4. e4 Be7 5. Nc3 Bg5 6. Be2 Nh6 7. g4 Bxc1 8. Rxc1
a6 9. h4 Nd7 10. g5 Ng8 11. Nh3 h6 12. Kd2 Nb6 13. Qg1 Bxh3 14. Rxh3 hxg5 15.
Qg2 g6 16. h5 gxh5 17. Bxh5 Nf6 18. Rch1 Rg8 19. b3 Nbd7 20. Rg3 Qa5 21. f3 Ke7
22. Rxg5 Rxg5 23. Qxg5 Rg8 24. Qh4 Rh8 25. Qg5 b5 26. Qf5 Qa3 27. Bxf7 Rxh1 28.
Qe6+ Kd8 29. Qxd6 Qc1+ 30. Kd3 0-1

[Event "Bad Woerishofen open"]
[Site "?"]
[Date "2004.03.19"]
[Round "2"]
[White "Dittmar, Peter"]
[Black "Kugelmann, Werner"]
[Result "1-0"]
[WhiteElo "2369"]
[BlackElo "2178"]
[PlyCount "91"]

1. d4 Nf6 2. g3 g6 3. Bg2 Bg7 4. e4 d6 5. Nc3 O-O 6. Nge2 e5 7. h3 c6 8. a4 a5
9. O-O Na6 10. Be3 Qe7 11. Re1 Kh8 12. Qd2 Ng8 13. Rad1 Nb4 14. Nb1 Be6 15. Na3
f5 16. dxe5 dxe5 17. Qc3 Qf7 18. Bc5 Ne7 19. f3 Na2 20. Qd2 Rfd8 21. Qxd8+ Rxd8
22. Rxd8+ Ng8 23. Red1 Qc7 24. Re8 Bd7 25. Ra8 b6 26. Bd6 Qb7 27. Rb8 Qa7 28.
Kh2 Be6 29. Re8 Bd7 30. Rxe5 h6 31. Nf4 Kh7 32. exf5 Bxe5 33. fxg6+ Kg7 34.
Bxe5+ Kf8 35. Nc4 Nb4 36. Bd6+ Kg7 37. c3 Nd5 38. Nxd5 cxd5 39. Rxd5 Be6 40.
Rd4 Bxc4 41. Rxc4 Kxg6 42. Rc7 Qa8 43. f4 Qe8 44. Be5 Kf5 45. Rc6 h5 46. Bf3
1-0

[Event "Bad Woerishofen open"]
[Site "Bad Woerishofen"]
[Date "2004.03.19"]
[Round "2"]
[White "Kugelmann, Joachim"]
[Black "Heika, Martin"]
[Result "0-1"]
[WhiteElo "2159"]
[BlackElo "2342"]
[PlyCount "50"]
[EventDate "2004.03.19"]

1. e4 e6 2. d4 d5 3. Nd2 c5 4. exd5 exd5 5. Bb5+ Nc6 6. Qe2+ Be7 7. dxc5 Nf6 8.
Nb3 O-O 9. Bxc6 bxc6 10. Nf3 a5 11. Bg5 Ba6 12. Qe5 a4 13. Nbd2 Re8 14. O-O-O
Bxc5 15. Bxf6 Qxf6 16. Qxf6 gxf6 17. c4 Bxf2 18. Kc2 Re2 19. Kd3 Rae8 20. Nd4
dxc4+ 21. Kc3 Bxd4+ 22. Kxd4 Rd8+ 23. Kc3 Rd3+ 24. Kc2 a3 25. Rhe1 Rdxd2+ 0-1

[Event "Bad Woerishofen open"]
[Site "Bad Woerishofen"]
[Date "2004.03.19"]
[Round "2"]
[White "Piankov, Evgenij"]
[Black "Hornung Dr., Hans"]
[Result "1-0"]
[WhiteElo "2339"]
[BlackElo "2165"]
[PlyCount "75"]
[EventDate "2004.03.19"]

1. d4 g6 2. c3 Bg7 3. Bg5 Nf6 4. Nd2 d6 5. e4 O-O 6. Ngf3 Nc6 7. Bb5 a6 8. Bxc6
bxc6 9. O-O Nd7 10. b4 a5 11. a3 Qe8 12. Re1 e5 13. Nb3 h6 14. Be3 a4 15. Na5
c5 16. dxc5 Rxa5 17. bxa5 Nxc5 18. Bxc5 dxc5 19. c4 Be6 20. Qc2 g5 21. Rab1 f5
22. Nd2 f4 23. Rb7 Qc6 24. Reb1 g4 25. Rb8 Bc8 26. Qd3 Kh7 27. Nf1 h5 28. Qd5
Qg6 29. a6 Qxa6 30. Qxc5 Rf7 31. Qb5 Qe6 32. Qd5 c6 33. Qd8 Ba6 34. Qg5 Qg6 35.
Qxg6+ Kxg6 36. R8b6 Ra7 37. Rxc6+ Kh7 38. Rbb6 1-0

[Event "Bad Woerishofen open"]
[Site "Bad Woerishofen"]
[Date "2004.03.19"]
[Round "2"]
[White "Vossenkuhl, Joachim"]
[Black "Hermann, Manfred"]
[Result "0-1"]
[WhiteElo "2154"]
[BlackElo "2318"]
[PlyCount "60"]
[EventDate "2004.03.19"]

1. d4 d5 2. Nf3 Nf6 3. c3 c6 4. Bg5 Ne4 5. Bd2 Bf5 6. g3 h6 7. Bg2 Nd7 8. O-O
e6 9. Ne1 Bd6 10. Nd3 O-O 11. f3 Nxd2 12. Nxd2 c5 13. f4 Qb6 14. Nf3 c4 15.
Nde5 Bxe5 16. fxe5 Qxb2 17. Qd2 Qb6 18. a4 a5 19. Ra2 Qc6 20. Qb2 Ra6 21. Nd2
Rb6 22. Qa1 f6 23. exf6 Rxf6 24. Re1 e5 25. dxe5 Nxe5 26. Nf3 Nxf3+ 27. exf3
Re6 28. Rd1 Qc5+ 29. Kh1 Rb3 30. Rd4 Rb1+ 0-1